000 00299nam a22001337a 4500
020 _a978-8173714610
041 _aENG
100 _aRao.Y.V.C
245 _aAn Introduction To Thermodynamics
260 _aDelhi
_bUniversties Press
_c1996
300 _a479
650 _aAPE
856 _uAPE (10 )
999 _c1759
_d1759